000 00391nam a22001937a 4500
003 UA-OsUOA
001 2581
007 ta
008 20050721b un ||||| |||| 00| 0 ukr d
100 _aFraser
700 _aN.
700 _aJacobs
700 _aPh.
942 _cBK
040 _aUA-OsUOA
_cUA-OsUOA
_dUA-OsUOA
245 _aAristotle Onassis.
_bFiction
955 _a2
650 7 _2UDC
999 _c288743
_d288743